name a chase atlantic song for every letter - Statistics

General Stats
  • This quiz has been taken 49 times
  • The average score is 21 of 26
Answer Stats
Hint Answer % Correct
Q N/A
100%
X N/A
100%
Z N/A
100%
H HEAVEN AND BACK/HER/Hit My Line/Hold Your Breath/HOURS LOST
97%
A Actress/Adios/ALEYUH/Adore U/AMY/Anchor Tattoo/Angeline/ANGELS/August
94%
C CALL ME BACK/Cassie/Church/CHXSE/COLD NIGHTS/Consume
94%
F FACEDOWN/Falling/FAVELA/FOR HER/For You/Friends/Fucked Up
94%
I I DONT LIKE DARKNESS/I NEVER EXISTED/Into It/INTRO/I THINK IM LOST AGAIN/ITS A WORLD/ITS RAINING IN HEAVEN
92%
D Dancer In The Dark/Delilah/DEMON TIME/DEVILISH/DIE FOR ME/DISCONNECTED/DONT LAUGH/DOUBT IT/Drugs & Money
89%
E Empty/ESCORT/EVEN THOUGH IM DEPRESSED
86%
G Gravity/GREENGREENGREEN
86%
L MAMACITA/Meddle About/MESS ME UP/MOLLY/Moonlight
86%
O Obsessive/OHMAMI/Okay/OUT THE ROOF/Overdrive/Ozone
86%
S Shut Up/SLIDE/Slow Down/Spaceship/STRANGER THINGS/STUCKINMYBRAIN/Swim
86%
T Talk Slow/The Walls/Tidal Wave/TOO LATE/Triggered
86%
R RICOCHET/Right Here/Roxanne
83%
N No Friends/NO RAINBOWS/Now/Numb To The Feeling
75%
P Paradise/PARANOID/Peak Of Despair/PHASES/PLEASE STAND BY/PLEASEXANNY
75%
B BEAUTY IN DEATH
72%
K LIKE A ROCKSTAR/LOVE IS (NOT) EASY/LUST
69%
Y YOU/YOU TOO
69%
U Uncomfortable/Under Pressure
67%
V Vibes
58%
W WASTER/We Were Here/WHAT U CALL THAT?/Why Stop Now
53%
J Keep It Up/Know Me
44%
M NIGHT CALLS
14%
No matching quizzes found
Score Distribution
Percent of People with Each Score
Percentile by Number Answered
Your Score History
You have not taken this quiz